Heimspielstätten von Fussballvereinen - Satellitenfotos #4 - Statistiken

Allgemein
  • Dieses Quiz wurde 83 mal gespielt
  • Das Durchschnittsergebnis liegt bei 3 aus 8
Antwortstatistiken
Bildquiz Antwort % Korrekt
Hertha BSC
97%
Werder Bremen
73%
TSG Hoffenheim
56%
Hannover 96
36%
SC Freiburg
31%
SV Elversberg
22%
Wehen Wiesbaden
20%
Magdeburg
13%
Keine übereinstimmenden Quizze gefunden
Verteilung der Resultate
Anzahl Personen mit jedem Resultat
Perzentil nach korrekt beantworteten Fragen
Ihre Resultats-Entwicklung
Sie haben dieses Quiz noch nicht gespielt